Catálogo

Vista normal Vista MARC

Entrada Personal Name

Número de registros utilizados en: 1

001 - CONTROL NUMBER

  • control field: 14400

003 - CONTROL NUMBER IDENTIFIER

  • control field: DLC

005 - DATE AND TIME OF LATEST TRANSACTION

  • control field: 20230627114228.0

008 - FIXED-LENGTH DATA ELEMENTS

  • fixed length control field: 210713n| azannaabn |a aaa

010 ## - LIBRARY OF CONGRESS CONTROL NUMBER

  • LC control number: n 2021038295

035 ## - SYSTEM CONTROL NUMBER

  • System control number: (Uk)011095867

040 ## - CATALOGING SOURCE

  • Original cataloging agency: DLC
  • Language of cataloging: spa
  • Description conventions: rda
  • Transcribing agency: Mx-PuUPA
  • Modifying agency: Uk
  • Modifying agency: Mx-PuUPA

100 1# - HEADING--PERSONAL NAME

  • Personal name: Chandramouli, Magesh,

372 ## - FIELD OF ACTIVITY

  • Field of activity: Gráficos por computadora

373 ## - ASSOCIATED GROUP

  • Associated group: Universidad de Feng Chia, Taiwan

374 ## - OCCUPATION

  • Occupation: Autor
  • Occupation: Profesor de Gráficos por computadora

375 ## - GENDER

  • Gender: hombre

377 ## - ASSOCIATED LANGUAGE

  • Language code: eng

400 0# - SEE FROM TRACING--PERSONAL NAME

  • Personal name: Magesh Chandramouli

670 ## - SOURCE DATA FOUND

  • Source citation: Introduction to 3D modeling and animation, 2022:
  • Information found: ECIP title page (Magesh Chandramouli)